000 00380nam a2200157Ia 4500
003 Ost
005 20260225132547.0
008 260225s9999||||xx |||||||||||||| ||und||
040 _cfsic
041 _afre
082 _a440
100 _aCahouari Addi
_eAuteur
245 0 _aEtat et pouvoirApproche methodologique et sociologique /
245 0 _cCahouari Addi
942 _cكتاب
999 _c33919
_d33919